Central Library OPAC University of Rajshahi

المجتمع العربي والإسلامي ;; al-Mujtamaʿ al-ʿArabī wa-al-Islāmī / (Record no. 78502)

MARC details
000 -LEADER
fixed length control field 01213nam a2200313 4500
001 - CONTROL NUMBER
control field 78502
003 - CONTROL NUMBER IDENTIFIER
rucl marc code BD-RjUL
005 - DATE AND TIME OF LATEST TRANSACTION
control field 20211209083133.0
008 - FIXED-LENGTH DATA ELEMENTS--GENERAL INFORMATION
fixed length control field 210928m19651966ua 000 0 ara
035 ## - SYSTEM CONTROL NUMBER
System control number (BD-RjUL)78728
040 ## - CATALOGING SOURCE
Original cataloging agency DLC
Transcribing agency WaU
Modifying agency WaU
-- MH
-- CStRLIN
-- CtY
-- UkOxU
Language of cataloging eng
041 ## - LANGUAGE CODE
Language code of text/sound track or separate title ara
082 ## - DEWEY DECIMAL CLASSIFICATION NUMBER
Edition number 23
Classification number A 320.54053
Author mark and year BAM 1965
100 1# - MAIN ENTRY--PERSONAL NAME
Personal name بخيت، عبد الحميد، ;; Bakhīt, ʿAbd al-Ḥamīd,
9 (RLIN) 248631
245 13 - TITLE STATEMENT
Title المجتمع العربي والإسلامي ;; al-Mujtamaʿ al-ʿArabī wa-al-Islāmī /
Statement of responsibility, etc. تأليف عبد الحميد بخيت. ;; taʼlīf ʿAbd al-Ḥamīd Bakhīt.
250 ## - EDITION STATEMENT
Edition statement al-Ṭabʿah 1.
Edition statement الطبعة ١.
260 ## - PUBLICATION, DISTRIBUTION, ETC. (IMPRINT)
Place of publication, distribution, etc. Miṣr :
Name of publisher, distributor, etc. Dār al-Maʿārif,
Date of publication, distribution, etc. 1965-1966.
Place of publication, distribution, etc. مصر :
Name of publisher, distributor, etc. دار المعارف،
Date of publication, distribution, etc. ٦٦٩١-٥٦٩١.
300 ## - PHYSICAL DESCRIPTION
Pagination v. ;
Size 24 cm.
490 0# - SERIES STATEMENT
Series statement Maktabah al-ijtimāʿīyah
Series statement مكتبة الإجتماعية
500 ## - GENERAL NOTE
General note Vol. 2 has subtitle: Ḥawl al-mujtamaʿ al-Islāmī, muqawwimātuh, shuʿūbuh, qaḍāyāh.
505 ## - FORMATTED CONTENTS NOTE
Formatted contents note Vol.1.--
650 #0 - SUBJECT ADDED ENTRY--TOPICAL TERM
Topical term or geographic name as entry element Nationalism
Geographic subdivision Arab countries.
9 (RLIN) 248632
Topical term or geographic name as entry element Islam
Chronological subdivision 20th century.
9 (RLIN) 248633
Topical term or geographic name as entry element Zionism.
9 (RLIN) 248634
942 ## - ADDED ENTRY ELEMENTS (KOHA)
Source of classification or shelving scheme Dewey Decimal Classification
Koha item type Books
Holdings
Lost status Source of classification or shelving scheme Damaged status Not for loan Collection code Permanent Location Current Location Shelving location Date acquired Source of acquisition Cost, normal purchase price Total Checkouts Full call number Date last seen Copy number Koha item type
  Dewey Decimal Classification   Not For Loan Non-fiction Central Library, University of Rajshahi Central Library, University of Rajshahi Reading Room 10/09/1968 Zeitlinger 90.00   A 320.54053 BAM V-1 1965 28/09/2021 C-1 Books